书目信息 |
| 题名: |
我生有涯愿无尽
|
|
| 作者: | 梁漱溟, 著 | |
| 分册: | ||
| 出版信息: | 北京 中国人民大学出版社 2004.11 |
|
| 页数: | 381页, [8] 页图版 | |
| 开本: | 23cm | |
| 丛书名: | 中国人自述丛书 | |
| 单 册: | ||
| 中图分类: | K825.4=74 | |
| 科图分类: | ||
| 主题词: | ||
| 电子资源: | ||
| ISBN: | 978-7-300-05926-6 | |
| 000 | 01050nam 2200265 450 | |
| 001 | 012007267235 | |
| 005 | 20100806141632.51 | |
| 010 | @a978-7-300-05926-6@dCNY29.80 | |
| 100 | @a20100515d2004 km y0chiy0120 ea | |
| 101 | 0 | @achi |
| 102 | @aCN@b110000 | |
| 105 | @aa z 000ya | |
| 200 | 1 | @a我生有涯愿无尽@Awo sheng you ya yuan wu jin@e梁漱溟自述文录@f梁漱溟著 |
| 210 | @a北京@c中国人民大学出版社@d2004.11 | |
| 215 | @a381页, [8] 页图版@c图, 肖像@d23cm | |
| 225 | 2 | @a中国人自述丛书@Azhong guo ren zi shu cong shu |
| 330 | @a本书大抵是梁漱溟先生生前关于自身生平的文章辑录而成,披沥艰难跋涉于探求社会、人生两大问题之解决的征途上的身影清晰可见,描述了九十多年人生轨迹中自学之历程、情感之所依、思想之嬗变以及天下兴亡为己任之社会实践等等。 | |
| 410 | 0 | @12001 @a中国人自述丛书 |
| 517 | 1 | @a梁漱溟自述文录@Aliang shu ming zi shu wen lu |
| 600 | 0 | @a梁漱溟,@Aliang shu ming@f1893-1988@x传记 |
| 606 | @0 | |
| 690 | @aK825.4=74@v4 | |
| 701 | 0 | @a梁漱溟,@Aliang shu ming@f1893-1988@4著 |
| 801 | 0 | @aCN@c20100515 |
| 905 | @dK825.4=74@eL412@f5 | |
| 我生有涯愿无尽:梁漱溟自述文录/梁漱溟著.-北京:中国人民大学出版社,2004.11 |
| 381页, [8] 页图版:图, 肖像;23cm.-(中国人自述丛书) |
| ISBN 978-7-300-05926-6:CNY29.80 |
| 本书大抵是梁漱溟先生生前关于自身生平的文章辑录而成,披沥艰难跋涉于探求社会、人生两大问题之解决的征途上的身影清晰可见,描述了九十多年人生轨迹中自学之历程、情感之所依、思想之嬗变以及天下兴亡为己任之社会实践等等。 |
| ● |
| 相关链接 |
|
|
|
正题名:我生有涯愿无尽
索取号:K825.4=74/L412
 
预约/预借
| 序号 | 登录号 | 条形码 | 馆藏地/架位号 | 状态 | 备注 |
| 1 | 998741 | 209987415 | 自科二线404/400A自科库 15排3列1层/ [索取号:K825.4=74/L412] | 在馆 | |
| 2 | 998742 | 209987424 | 自科二线404/400A自科库 15排3列1层/ [索取号:K825.4=74/L412] | 在馆 | |
| 3 | 998743 | 209987433 | 自科二线404/400A自科库 10排3列1层/ [索取号:K825.4=74/L412] | 在馆 | |
| 4 | 998744 | 209987442 | 自科二线404/309社科库 50排5列6层/ [索取号:K825.4=74/L412] | 在馆 | |
| 5 | 998745 | 209987451 | 自科二线404/400A自科库 15排3列1层/ [索取号:K825.4=74/L412] | 在馆 |